Science Quiz

Random Science or Elements Quiz

6 to 1: Elements Quiz Stats

 Plays Quiz Updated Sep 22, 2019

Score 0/21 Timer 06:00
0 Plays Today
Answer % Correct
Oxygen
94.7%
Carbon
91.6%
Hydrogen
90.3%
Nitrogen
88.7%
Neon
87.2%
Mercury
86.7%
Helium
85.4%
Argon
82.9%
Xenon
79.2%
Radon
70.3%
Krypton
67.4%
Answer % Correct
Lithium
65.3%
Sodium
59.4%
Potassium
55.5%
Curium
40.9%
Bromine
38.5%
Oganesson
26.5%
Tennessine
25.4%
Livermorium
23%
Moscovium
22.2%
Flerovium
20.2%

You're not logged in!

Compare scores with friends on all Sporcle quizzes.
OR
Log In

Sporcle TV

Today on Sporcle TV


Watch our educational content, quiz creation guides, and fun videos on Sporcle TV.

Show Comments

Extras

Top Quizzes Today


Score Distribution

Your Account Isn't Verified!

In order to create a playlist on Sporcle, you need to verify the email address you used during registration. Go to your Sporcle Settings to finish the process.

Report this User

Report this user for behavior that violates our Community Guidelines.

Details: